[Event "POL-chT 2nd League"]
[Site "Jastrzebia Gora"]
[Date "2023.09.07"]
[Round "6.15"]
[White "Maciaga, Marcin"]
[Black "Kitewski, Bartosz"]
[Result "1-0"]
[WhiteElo "2123"]
[BlackElo "1967"]
[PlyCount "113"]
[EventDate "2023.09.02"]
[EventType "team-swiss"]
[EventRounds "9"]
[EventCountry "POL"]
[SourceTitle "EXT 2024"]
[Source "ChessBase"]
[SourceDate "2023.10.10"]
[SourceVersion "1"]
[SourceVersionDate "2023.10.10"]
[SourceQuality "1"]
[WhiteTeam "Zielonka Zieloni"]
[BlackTeam "Olsztyn Trzydziestka"]
[WhiteTeamCountry "POL"]
[BlackTeamCountry "POL"]

1. c4 e5 2. Nc3 Nf6 3. e3 Bb4 4. Nge2 0-0 5. a3 Bxc3 6. Nxc3 Nc6 7. Be2 d5 8. cxd5 Nxd5 9. Qc2 Be6 10. 0-0 Qe7 11. b4 a6 12. Bb2 Rad8 13. Na4 Bc8 14. Nc5 Rd6 15. Bf3 Rfd8 16. Rfe1 Qg5 17. Ne4 Qg6 18. d3 R6d7 19. Qb3 b6 20. Rac1 Nde7 21. Rc3 Nd5 22. Rc2 Nde7 23. Be2 Kh8 24. Bf1 f5 25. Nd2 Bb7 26. Rec1 Rxd3 27. Bc3 R3d6 28. Nf3 Rd5 29. Qb2 Rd1 30. Rxd1 Rxd1 31. Rd2 Rxd2 32. Qxd2 Qd6 33. Qb2 Ng6 34. h4 h5 35. Qe2 Nf8 36. Ng5 Qg6 37. a4 Nd7 38. Qc4 Qe8 39. b5 axb5 40. axb5 Ne7 41. Qxc7 Nd5 42. Qxb7 Nxc3 43. Qc6 Na4 44. Bc4 Nac5 45. Bf7 Qb8 46. Qg6 Nf6 47. Qxf5 Qd8 48. Bxh5 Qb8 49. Nf7+ Kg8 50. Nxe5 Qa8 51. Be2 Qa1+ 52. Kh2 Qa8 53. Bc4+ Kf8 54. Ng6+ Ke8 55. Qe5+ Kd7 56. Qe7+ Kc8 57. Qf8+ 1-0

[Event "POL-ch Rapid U18"]
[Site "Bydgoszcz"]
[Date "2023.08.29"]
[Round "2"]
[White "Kitewski, Bartosz"]
[Black "Kacprzak, Kacper"]
[Result "0-1"]
[WhiteElo "1849"]
[BlackElo "2302"]
[PlyCount "68"]
[EventDate "2023.08.28"]
[EventType "swiss"]
[EventRounds "11"]
[EventCountry "POL"]
[SourceTitle "EXT 2024"]
[Source "ChessBase"]
[SourceDate "2023.10.10"]
[SourceVersion "1"]
[SourceVersionDate "2023.10.10"]
[SourceQuality "1"]

1. d4 Nf6 2. c4 e6 3. Nf3 d5 4. Nc3 h6 5. e3 a6 6. a4 Bb4 7. Bd3 0-0 8. 0-0 b6 9. cxd5 exd5 10. Ne2 Ne4 11. Bd2 Bd6 12. Ng3 Nxg3 13. hxg3 Nd7 14. e4 dxe4 15. Bxe4 Rb8 16. Bc3 Nf6 17. Bc2 Bb7 18. Re1 Re8 19. Ne5 Bd5 20. Qd3 b5 21. axb5 axb5 22. Ng4 Ne4 23. b3 h5 24. Ne3 c6 25. f3 Bxg3 26. fxe4 Bxe4 27. Qd2 Qh4 28. Nf1 Bxe1 29. Rxe1 Bxc2 30. Rxe8+ Rxe8 31. Qxc2 Qg4 32. Ba1 Re1 33. Qc3 Qe2 34. d5 Qxf1+ 0-1

[Event "Warsaw Najdorf Memorial op-B"]
[Site "Warsaw"]
[Date "2023.07.17"]
[Round "7"]
[White "Wieckowski, Michal"]
[Black "Kitewski, Bartosz"]
[Result "0-1"]
[WhiteElo "1637"]
[BlackElo "1971"]
[PlyCount "80"]
[EventDate "2023.07.11"]
[EventType "swiss"]
[EventRounds "9"]
[EventCountry "POL"]
[SourceTitle "EXT 2024"]
[Source "ChessBase"]
[SourceDate "2023.10.10"]
[SourceVersion "1"]
[SourceVersionDate "2023.10.10"]
[SourceQuality "1"]

1. e4 c5 2. Nf3 d6 3. d4 cxd4 4. Nxd4 Nf6 5. Nc3 a6 6. Bg5 Nbd7 7. f4 Qb6 8. Qd2 Qxb2 9. Rb1 Qa3 10. Be2 e6 11. 0-0 Be7 12. f5 e5 13. Nb3 Qb4 14. a3 Qb6+ 15. Kh1 Qc7 16. Nd5 Nxd5 17. exd5 Nf6 18. Bxf6 Bxf6 19. c4 b6 20. Qd3 Bg5 21. Nd2 Bxd2 22. Qxd2 g6 23. f6 Bf5 24. Rb3 Rb8 25. Qh6 Kd7 26. Qg7 Rbf8 27. Qh6 Qc5 28. Qd2 h6 29. a4 Rb8 30. Qb2 Qd4 31. Qc3 Rhc8 32. Rd1 Qxc3 33. Rxc3 b5 34. axb5 axb5 35. Ra1 b4 36. Rb3 Bc2 37. Rb2 b3 38. Ra7+ Ke8 39. Bg4 Ra8 40. Bd7+ Kd8 0-1

[Event "POL-chT 2nd League"]
[Site "Jastrzebia Gora"]
[Date "2022.09.07"]
[Round "5.123"]
[White "Kitewski, Bartosz"]
[Black "Spyra, Piotr"]
[Result "1-0"]
[WhiteElo "1993"]
[BlackElo "1901"]
[PlyCount "101"]
[EventDate "2022.09.03"]
[EventType "team-swiss"]
[EventRounds "9"]
[EventCountry "POL"]
[SourceTitle "CBM 210 Extra"]
[Source "ChessBase"]
[SourceDate "2022.11.30"]
[SourceVersion "1"]
[SourceVersionDate "2022.11.30"]
[SourceQuality "1"]
[WhiteTeam "Olsztyn Trzydziestka"]
[BlackTeam "Marklowice Hetman"]
[WhiteTeamCountry "POL"]
[BlackTeamCountry "POL"]

1. d4 Nf6 2. c4 g6 3. Nc3 d5 4. Bg5 Ne4 5. Bh4 Nxc3 6. bxc3 dxc4 7. Qa4+ Qd7 8. Qxc4 b6 9. Nf3 Ba6 10. Qb3 Bg7 11. e3 Bxf1 12. Kxf1 0-0 13. Ke2 c5 14. dxc5 Nc6 15. Rad1 Qg4 16. h3 Qe4 17. cxb6 axb6 18. Rd2 e6 19. Rc1 Rfc8 20. c4 Na5 21. Qd3 Rxc4 22. Rxc4 Qxc4 23. Qxc4 Nxc4 24. Rd8+ Rxd8 25. Bxd8 Kf8 26. Kd3 Ke8 27. Kxc4 Kxd8 28. Kb5 Kc7 29. Ng5 Bf6 30. Nxf7 h5 31. g4 Bh4 32. f3 Bf2 33. e4 Bd4 34. e5 Kd7 35. Nd6 Bxe5 36. Nc4 Bd4 37. Nxb6+ Kd6 38. a4 Bc3 39. Nc8+ Kd5 40. Ne7+ Ke5 41. Nxg6+ Kf6 42. Nf4 hxg4 43. hxg4 Bd2 44. Ne2 e5 45. a5 Kg5 46. a6 Be3 47. Kc6 e4 48. fxe4 Kxg4 49. Nc3 Bf2 50. Nd5 Ba7 51. Kb7 1-0

[Event "POL-chT 2nd League"]
[Site "Jastrzebia Gora"]
[Date "2022.09.04"]
[Round "2.106"]
[White "Kitewski, Bartosz"]
[Black "Deren, Marcin"]
[Result "1-0"]
[WhiteElo "1993"]
[BlackElo "1922"]
[PlyCount "87"]
[EventDate "2022.09.03"]
[EventType "team-swiss"]
[EventRounds "9"]
[EventCountry "POL"]
[SourceTitle "CBM 210 Extra"]
[Source "ChessBase"]
[SourceDate "2022.11.30"]
[SourceVersion "1"]
[SourceVersionDate "2022.11.30"]
[SourceQuality "1"]
[WhiteTeam "Olsztyn Trzydziestka"]
[BlackTeam "Krakow Cracovia"]
[WhiteTeamCountry "POL"]
[BlackTeamCountry "POL"]

1. d4 d5 2. c4 e6 3. Nc3 Nf6 4. cxd5 exd5 5. Bg5 Be7 6. e3 0-0 7. Bd3 Nbd7 8. Nge2 Re8 9. 0-0 Nf8 10. Qb3 c6 11. f3 Ne6 12. Bh4 Qb6 13. Qc2 h6 14. Rad1 Qc7 15. Qd2 Bd6 16. h3 Nh5 17. Bf2 Ng3 18. Rfe1 Nxe2+ 19. Nxe2 Bd7 20. Bb1 Rad8 21. Qc2 Nf8 22. e4 g6 23. Qd2 Kg7 24. Be3 h5 25. e5 Be7 26. Bh6+ Kg8 27. Bg5 Bc8 28. Ng3 Ne6 29. h4 Nxg5 30. hxg5 Bf8 31. f4 Bg4 32. Rc1 Qb6 33. a3 Bg7 34. f5 Bxe5 35. Rxe5 Rxe5 36. fxg6 fxg6 37. Bxg6 Rf8 38. Bxh5 Bxh5 39. Nxh5 Ref5 40. Re1 Qc7 41. Nf6+ Kf7 42. Qe2 Rxg5 43. Nh7 Rgg8 44. Rf1+ 1-0

[Event "POL-ch U18"]
[Site "Sypniewo"]
[Date "2022.03.27"]
[Round "9"]
[White "Kitewski, Bartosz"]
[Black "Dalkowski, Rafal"]
[Result "1-0"]
[WhiteElo "1870"]
[BlackElo "2138"]
[PlyCount "75"]
[EventDate "2022.03.19"]
[EventType "swiss"]
[EventRounds "9"]
[EventCountry "POL"]
[SourceTitle "CBM 207 Extra"]
[Source "ChessBase"]
[SourceDate "2022.05.31"]
[SourceVersion "1"]
[SourceVersionDate "2022.05.31"]
[SourceQuality "1"]

1. d4 Nf6 2. c4 c5 3. d5 b5 4. cxb5 a6 5. bxa6 Bxa6 6. Nc3 g6 7. e4 Bxf1 8. Kxf1 d6 9. Nf3 Bg7 10. g3 0-0 11. Kg2 Nbd7 12. Qe2 Qa5 13. Bg5 Rfb8 14. Rac1 h6 15. Bxf6 Bxf6 16. Rc2 Nb6 17. Rd1 Qb4 18. e5 Bg7 19. a3 Qc4 20. Ne4 Qxe2 21. Rxe2 Nc4 22. exd6 exd6 23. Rc1 Ra4 24. b4 Nb2 25. Nxd6 cxb4 26. axb4 Raxb4 27. Rc8+ Rxc8 28. Nxc8 Rb7 29. d6 Bf6 30. Re7 Rb5 31. d7 Rd5 32. Ne5 Rd2 33. Re8+ Kg7 34. Nb6 Nd3 35. Ng4 Be7 36. Rxe7 Nc5 37. Ne5 Kf6 38. Re8 1-0

[Event "POL-chT 2nd League"]
[Site "Sypniewo"]
[Date "2021.09.11"]
[Round "8.5"]
[White "Kitewski, Bartosz"]
[Black "Miroslaw, Michal"]
[Result "1/2-1/2"]
[WhiteElo "1807"]
[BlackElo "2269"]
[PlyCount "147"]
[EventDate "2021.09.04"]
[EventType "team-swiss"]
[EventRounds "9"]
[EventCountry "POL"]
[SourceTitle "CBM 204 Extra"]
[Source "ChessBase"]
[SourceDate "2021.11.30"]
[SourceVersion "1"]
[SourceVersionDate "2021.11.30"]
[SourceQuality "1"]
[WhiteTeam "Olsztyn Trzydziestka"]
[BlackTeam "Lublin Drakon SKOK Chmielewskiego"]
[WhiteTeamCountry "POL"]
[BlackTeamCountry "POL"]

1. d4 d6 2. c4 e5 3. d5 f5 4. Nc3 Nf6 5. Nf3 g6 6. g3 Bg7 7. Bg2 0-0 8. 0-0 a5 9. Bd2 e4 10. Ne1 Nbd7 11. Rc1 Ng4 12. Nc2 Nc5 13. b3 Qe7 14. h3 Ne5 15. Nb5 g5 16. Be3 f4 17. Bxc5 dxc5 18. d6 cxd6 19. Qd5+ Nf7 20. Rfd1 fxg3 21. fxg3 Qe5 22. Nxd6 Be6 23. Qxe5 Bxe5 24. Nxe4 b6 25. g4 Ra7 26. Rf1 Kg7 27. Rcd1 a4 28. e3 axb3 29. axb3 Ra2 30. Ne1 Rb2 31. Nd3 Rxb3 32. Rxf7+ Rxf7 33. Nxe5 Ra7 34. Rd6 Bc8 35. Ng3 Re7 36. Nh5+ Kf8 37. Nc6 Rexe3 38. Bd5 Rb2 39. Rf6+ Ke8 40. Ng7+ Kd7 41. Rf7+ Kd6 42. Kf1 b5 43. Na7 bxc4 44. Bxc4 Bd7 45. Nb5+ Rxb5 46. Rxd7+ Kxd7 47. Bxb5+ Kc7 48. Bc4 Rc3 49. Bg8 Rxh3 50. Ne6+ Kc6 51. Nxg5 Rg3 52. Bxh7 Rxg4 53. Nf3 Kb5 54. Ne5 Rg7 55. Bd3+ Kb4 56. Be2 Kc3 57. Ke1 Rg1+ 58. Bf1 Rg5 59. Nc4 Rg4 60. Ne3 Re4 61. Kf2 Re5 62. Be2 Re8 63. Bb5 Rb8 64. Be2 Re8 65. Bb5 Rf8+ 66. Ke2 Rb8 67. Ba6 Rb2+ 68. Kf3 Ra2 69. Bc4 Ra3 70. Ke4 Ra8 71. Nd5+ Kd2 72. Nc7 Ra4 73. Kd5 Rxc4 74. Kxc4 1/2-1/2

[Event "POL-chT 2nd League"]
[Site "Sypniewo"]
[Date "2021.09.08"]
[Round "5.10"]
[White "Grzesik, Gracjan"]
[Black "Kitewski, Bartosz"]
[Result "1-0"]
[WhiteElo "2149"]
[BlackElo "1807"]
[PlyCount "99"]
[EventDate "2021.09.04"]
[EventType "team-swiss"]
[EventRounds "9"]
[EventCountry "POL"]
[SourceTitle "CBM 204 Extra"]
[Source "ChessBase"]
[SourceDate "2021.11.30"]
[SourceVersion "1"]
[SourceVersionDate "2021.11.30"]
[SourceQuality "1"]
[WhiteTeam "Koszalin Hetman Politechnika"]
[BlackTeam "Olsztyn Trzydziestka"]
[WhiteTeamCountry "POL"]
[BlackTeamCountry "POL"]

1. c4 Nf6 2. Nc3 c5 3. Nf3 Nc6 4. g3 g6 5. Bg2 Bg7 6. d4 cxd4 7. Nxd4 0-0 8. 0-0 Nxd4 9. Qxd4 d6 10. Qd3 Bf5 11. e4 Be6 12. b3 Nd7 13. Be3 Ne5 14. Qd2 a6 15. f4 Nc6 16. Rac1 Rb8 17. f5 Bd7 18. Nd5 b5 19. c5 dxc5 20. Bxc5 Re8 21. Rcd1 e6 22. f6 exd5 23. fxg7 Bg4 24. Qf4 f5 25. Rxd5 g5 26. Qd2 Qc8 27. Qxg5 Ne5 28. exf5 Be2 29. Rf2 Nf7 30. Qd2 Bh5 31. f6 Bg6 32. Be7 Qe6 33. h4 Rbc8 34. h5 Be4 35. Bxe4 Qxe4 36. Rd4 Qe5 37. Rg4 Qxh5 38. Rh4 Qg6 39. Kh2 Rc6 40. Qd7 Rec8 41. Qf5 Qxf5 42. Rxf5 Rc2+ 43. Kh3 Rxa2 44. Rc5 Rb8 45. Rd4 h6 46. Rd7 Ng5+ 47. Kg4 Rf2 48. Rdc7 Kh7 49. Rc8 Kg6 50. g8Q# 1-0